<?xml version="1.0" encoding="UTF-8"?>
<record
    xmlns:xsi="http://www.w3.org/2001/XMLSchema-instance"
    xsi:schemaLocation="http://www.loc.gov/MARC21/slim http://www.loc.gov/standards/marcxml/schema/MARC21slim.xsd"
    xmlns="http://www.loc.gov/MARC21/slim">

  <leader>00743nam a22002297a 4500</leader>
  <controlfield tag="005">20250709083545.0</controlfield>
  <controlfield tag="008">250705b        |||||||| |||| 00| 0 eng d</controlfield>
  <datafield tag="017" ind1=" " ind2=" ">
    <subfield code="a">LD.4719</subfield>
  </datafield>
  <datafield tag="018" ind1=" " ind2=" ">
    <subfield code="a">2025</subfield>
  </datafield>
  <datafield tag="020" ind1=" " ind2=" ">
    <subfield code="a">9789787926277</subfield>
  </datafield>
  <datafield tag="040" ind1=" " ind2=" ">
    <subfield code="a">NLN</subfield>
    <subfield code="b">English</subfield>
    <subfield code="e">AACR2</subfield>
  </datafield>
  <datafield tag="050" ind1=" " ind2=" ">
    <subfield code="a">BS680.S73</subfield>
    <subfield code="b">I24</subfield>
  </datafield>
  <datafield tag="082" ind1=" " ind2=" ">
    <subfield code="a">235.4</subfield>
  </datafield>
  <datafield tag="100" ind1=" " ind2=" ">
    <subfield code="a">IGWE, Patrick M.</subfield>
    <subfield code="e">aut</subfield>
    <subfield code="9">66170</subfield>
  </datafield>
  <datafield tag="245" ind1=" " ind2=" ">
    <subfield code="a">The four horns :</subfield>
    <subfield code="b">war against humanity, knowing the red enemies of your life /</subfield>
    <subfield code="c">Patrick Mbam Igwe</subfield>
  </datafield>
  <datafield tag="260" ind1=" " ind2=" ">
    <subfield code="a">Abakaliki, Ebonyi State :</subfield>
    <subfield code="b">Jehovah Shalom Christian Church,</subfield>
    <subfield code="c">2022</subfield>
  </datafield>
  <datafield tag="300" ind1=" " ind2=" ">
    <subfield code="a">iv, 32p. :</subfield>
    <subfield code="b">ill. ; 20cm.</subfield>
  </datafield>
  <datafield tag="563" ind1=" " ind2=" ">
    <subfield code="a">(pbk.)</subfield>
  </datafield>
  <datafield tag="650" ind1=" " ind2=" ">
    <subfield code="a">Spiritual warfare</subfield>
    <subfield code="v">Biblical teaching</subfield>
    <subfield code="9">4998</subfield>
  </datafield>
  <datafield tag="650" ind1=" " ind2=" ">
    <subfield code="a">Christian life</subfield>
    <subfield code="v">Biblical teaching</subfield>
    <subfield code="9">1749</subfield>
  </datafield>
  <datafield tag="942" ind1=" " ind2=" ">
    <subfield code="c">BK</subfield>
    <subfield code="n">0</subfield>
  </datafield>
  <datafield tag="999" ind1=" " ind2=" ">
    <subfield code="c">32650</subfield>
    <subfield code="d">32650</subfield>
  </datafield>
  <datafield tag="952" ind1=" " ind2=" ">
    <subfield code="0">0</subfield>
    <subfield code="1">0</subfield>
    <subfield code="2">lcc</subfield>
    <subfield code="4">0</subfield>
    <subfield code="7">0</subfield>
    <subfield code="a">ABJ</subfield>
    <subfield code="b">MAIN</subfield>
    <subfield code="d">2025-07-05</subfield>
    <subfield code="e">Legal deposit</subfield>
    <subfield code="i">449138</subfield>
    <subfield code="l">0</subfield>
    <subfield code="o">BS680.S73 I24</subfield>
    <subfield code="p">449138</subfield>
    <subfield code="r">2025-07-05 10:58:53</subfield>
    <subfield code="t">1</subfield>
    <subfield code="w">2025-07-05</subfield>
    <subfield code="y">BK</subfield>
  </datafield>
  <datafield tag="952" ind1=" " ind2=" ">
    <subfield code="0">0</subfield>
    <subfield code="1">0</subfield>
    <subfield code="2">lcc</subfield>
    <subfield code="4">0</subfield>
    <subfield code="7">0</subfield>
    <subfield code="a">ABAK</subfield>
    <subfield code="b">MAIN</subfield>
    <subfield code="d">2025-07-05</subfield>
    <subfield code="e">Legal deposit</subfield>
    <subfield code="i">449140</subfield>
    <subfield code="l">0</subfield>
    <subfield code="o">BS680.S73 I24</subfield>
    <subfield code="p">449140</subfield>
    <subfield code="r">2025-07-05 11:02:09</subfield>
    <subfield code="t">1</subfield>
    <subfield code="w">2025-07-05</subfield>
    <subfield code="y">BK</subfield>
  </datafield>
  <datafield tag="952" ind1=" " ind2=" ">
    <subfield code="0">0</subfield>
    <subfield code="1">0</subfield>
    <subfield code="2">lcc</subfield>
    <subfield code="4">0</subfield>
    <subfield code="7">0</subfield>
    <subfield code="a">IBA</subfield>
    <subfield code="b">MAIN</subfield>
    <subfield code="d">2025-07-05</subfield>
    <subfield code="e">Legal deposit</subfield>
    <subfield code="i">449139</subfield>
    <subfield code="l">0</subfield>
    <subfield code="o">BS680.S73 I24</subfield>
    <subfield code="p">449139</subfield>
    <subfield code="r">2025-07-05 11:03:15</subfield>
    <subfield code="t">1</subfield>
    <subfield code="w">2025-07-05</subfield>
    <subfield code="y">BK</subfield>
  </datafield>
</record>
